| 000 | 00441nam a2200157Ia 4500 | ||
|---|---|---|---|
| 008 | 240729s9999 xx 000 0 und d | ||
| 022 | _a2589-4536 | ||
| 245 | 0 | _aTNOA Journal of Ophthalmic Science and Research | |
| 260 | _aIndia | ||
| 260 | _bWolters Kluwer Medknow Publications | ||
| 650 | _a Ophthalmology | ||
| 650 | _aMedicine | ||
| 856 | _uhttps://doaj.org/toc/44c241c60fab4a8188018502ca0289b4 | ||
| 942 | _2ddc | ||
| 942 | _cDOAJEJ | ||
| 999 |
_c71805 _d71805 |
||
| 945 |
_a1 _bMadushi Gamage _c1 _dMadushi Gamage |
||